Champions League but you can only win it once - Statistics

General Stats
  • This quiz has been taken 23 times
  • The average score is 35 of 70
Answer Stats
Year Answer % Correct
1956 Real Madrid | Madrid
91%
1995 PSG | Paris Saint Germain | Paris Saint-Germain
82%
1958 AC Milan|Milan
77%
1961 Benfica
77%
1964 Inter Milan | Inter | Internazionale
77%
1968 Manchester United | Man Utd | Man U
77%
1987 Porto
77%
1982 Aston Villa
73%
1974 Bayern Munich | Bayern
73%
2003 Borussia Dortmund | Dortmund
73%
2015 Manchester City | Man City
73%
1969 Ajax
68%
1973 Juventus | Juve
68%
1965 Liverpool
68%
1979 Nottingham Forest | Forest | Nottingham
68%
1976 PSV Eindhoven | PSV | Eindhoven
68%
1972 Arsenal
64%
2014 Atletico Madrid | Atletico | Atleti
64%
2004 Chelsea
64%
1963 Feyenoord
64%
1990 Marseille
64%
2019 Tottenham Hotspurs | Spurs | Tottenham
64%
1998 Bayer Leverkusen | Leverkusen
59%
1967 Celtic
59%
1999 Dynamo Kyiv | Kyiv
59%
2001 Lyon
59%
1994 Monaco
59%
1993 Rangers
59%
1977 Borussia Mönchengladbach | Borussia Monchengladbach | Monchengladbach | Mönchengladbach
55%
2010 CSKA Moscow | CSKA
55%
1960 Eintracht Frankfurt | Frankfurt
55%
1957 Fiorentina
55%
1980 Hamburger SV | Hamburg
55%
2012 Napoli
55%
1991 Red Star Belgrade | Red Star | Crvena zvezda
55%
1984 Roma
55%
2011 Schalke 04 | Schalke
55%
2023 Sevilla
55%
2000 Valencia
55%
1959 Reims
50%
1978 Club Brugge
45%
1970 Leeds United | Leeds
45%
1971 Panathinaikos
45%
2020 RB Leipzig | Leipzig
45%
2006 Villarreal
45%
1988 Anderlecht
41%
1989 Galatasaray
41%
2005 Olympiacos
41%
2002 Deportivo La Coruña | Deportivo | Deportivo La Coruna
36%
1966 Partizan
36%
1975 Saint Etienne | Etienne | Saint-Etienne
36%
1992 Sampdoria
36%
2018 Spartak Moscow | Spartak
36%
1985 Bordeaux
32%
2024 Braga
32%
2016 VfL Wolfsburg | Wolfsburg
32%
1996 Nantes
27%
1983 Real Sociedad
27%
2009 Shakhtar Dontesk | Shakhtar
27%
1986 Steaua Bucuresti | Bucuresti | Bucharest
27%
2007 AEK Athens
23%
1997 Auxerre
23%
2013 Malaga
23%
2025 Brest | Stade Brestois | Brestois
18%
2017 Legia Warsaw
18%
2021 Krasnodar
14%
2022 Sheriff Tiraspol | Sheriff | Tiraspol
14%
1981 Spartak Moscow
14%
1962 Standard Liege
14%
2008 Fenerbache
5%
No matching quizzes found
Score Distribution
Percent of People with Each Score
Percentile by Number Answered
Your Score History
You have not taken this quiz